| 000 | 00622nam a2200169 i 4500 | ||
|---|---|---|---|
| 001 | 113123 | ||
| 003 | ES-MaACL | ||
| 005 | 20230906185751.0 | ||
| 007 | t| | ||
| 008 | 061121s1920 sp r ||||1| spa d | ||
| 100 | 0 |
_aNúñez Granés, Pedro. _986200 |
|
| 245 | 1 | 3 |
_aEl problema de la urbanización del extrarradio de dicha Villa desde los puntos de vista técnico, económico, administrativo y legal / _cpor D. Pedro Núñez y Granés. |
| 260 |
_aMadrid : _b[s. n.], _c1920 ( _fImp. Municipal) |
||
| 300 |
_aXIII, 584 p. ; _c33 x 23 cm + _e2 plan. |
||
| 650 | 4 |
_aUrbanismo- _zMadrid. _9143144 |
|
| 852 |
_aES-MaACL _jG-6144 |
||
| 999 |
_c113123 _d113123 |
||